00824nam a22002297a 4500003000500000005001700005008004100022010001000063011001000073020001500083035001100098040000900109100003600118245022500154260007100379300002100450500001500471650002600486650002700512700002900539700002600568CHAP20220817044106.0060331d2005 mx d r 00110 spa d a91989 a92961 a9706921877 a103528 cCHAP1 aAguayo López, Miguel Ángel.10aDesarrollando habilidades para trabajar en red... :bla gestión de un consorcio de movilidad académica en Asia y el Pacífico: UMAPc/por Miguel Ángel Aguayo López, Carlos Salazar Silva y Genoveva Amador Fierros aColima, Col. :bUniversity Mobility in Asia and the Pacific,c2005 a35 p. :bcuadros aBilingüe14aEducación superior.14aIntercambio educativo.1 aAmador Fierros, Genoveva1 aSalazar Silva, Carlos